Images of race

Αποθηκεύτηκε σε:
Λεπτομέρειες βιβλιογραφικής εγγραφής
Άλλοι συγγραφείς: Biddiss, Michael Denis (Επιμελητής έκδοσης)
Μορφή: Βιβλίο
Γλώσσα:English
Δημοσίευση: Leicester : Leicester University Press, 1979
Σειρά:Victorian library
Θέματα:
Ετικέτες: Προσθήκη ετικέτας
Δεν υπάρχουν, Καταχωρήστε ετικέτα πρώτοι!

MARC

LEADER 00000cam a2200000 i 4500
001 1/2368
008 000428r19791864 eng d
020 |a 0718550609 
035 |l 10060390 
040 |a GR-MY-UA  |b gre  |e aacr 
041 0 |a eng 
082 0 |a 305.8 
245 1 0 |a Images of race /  |c edited with an introduction by Michael D. Biddiss 
260 |a Leicester :   |b Leicester University Press,   |c 1979 
300 |a 259 p.;  |c 23 cm. 
490 1 |a Victorian library 
500 |a Articles first published in various journals, 1864-1880 
504 |a Includes bibliographical references and index 
650 0 0 |a Race. 
650 0 0 |a Ethnic attitudes. 
650 0 0 |a Speeches, addresses, etc. 
700 1 |a Biddiss, Michael Denis.  |4 edt 
830 0 |a Victorian library 
852 |a INST  |b LESVOS  |e 20000428  |h 305.8 IMA  |p 005100021114  |q 005100021114  |t BK  |y 0 
901 |a BIBL1-2000-2 
909 |a Λ  |b 034973 
970 |z 2000/04/ΜΙΧΑΗΛΙΔΟΥ ΑΝΝΑ